[Event "Madrid Vicalvaro op"]
[Site "Madrid"]
[Date "2022.06.19"]
[Round "7"]
[White "Acero Martinez, Manuel"]
[Black "Diaz Duarte, Rossner"]
[Result "1-0"]
[WhiteElo "1829"]
[BlackElo "1913"]
[PlyCount "144"]
[EventDate "2022.05.08"]
[EventType "swiss"]
[EventRounds "7"]
[EventCountry "ESP"]
[SourceTitle "EXT 2024"]
[Source "ChessBase"]
[SourceDate "2023.10.10"]
[SourceVersion "1"]
[SourceVersionDate "2023.10.10"]
[SourceQuality "1"]

1. d4 Nf6 2. c4 g6 3. Nc3 Bg7 4. e4 d6 5. Be2 Nbd7 6. h4 e5 7. d5 h6 8. Be3 a5 9. f3 Nh5 10. Qd2 Ng3 11. Rh2 f5 12. Bd3 f4 13. Bf2 Nf6 14. 0-0-0 Nfh5 15. Qe1 Bf6 16. c5 0-0 17. Kb1 Kg7 18. Nge2 Qe7 19. cxd6 cxd6 20. Rc1 Bd7 21. Bb5 Rfc8 22. Qd1 a4 23. Bxd7 Qxd7 24. Bxg3 fxg3 25. Rh3 b5 26. Nxg3 Nf4 27. Rh2 b4 28. Nce2 Rxc1+ 29. Nxc1 Rc8 30. Nge2 Qb5 31. g3 Nh5 32. Rg2 Rc7 33. Qd3 Qc5 34. Qd2 Kh7 35. Nd3 Qb5 36. Nxb4 a3 37. bxa3 Rc4 38. Kb2 Bg7 39. Kb3 Nf6 40. Qe3 Nd7 41. Nc3 Nc5+ 42. Kb2 Nd3+ 43. Kc2 Nxb4+ 44. axb4 Qa4+ 45. Kd3 Rxc3+ 46. Kxc3 Qa3+ 47. Kd2 Qxa2+ 48. Kc3 Qxg2 49. b5 Qa2 50. Qb6 Qa3+ 51. Kc4 Qxf3 52. Qxd6 Qxe4+ 53. Kc5 Qf5 54. Qe6 Bf8+ 55. Kc6 Qc2+ 56. Kb7 Qc5 57. b6 Bd6 58. Qd7+ Kg8 59. Qc6 Qb4 60. Kc8 Kf8 61. Kd7 Bc5 62. Qf6+ Kg8 63. Qxg6+ Kf8 64. Qxh6+ Kf7 65. Qe6+ Kf8 66. Qe8+ Kg7 67. Qxe5+ Kf8 68. Qf6+ Kg8 69. Kc7 Bd4 70. Qe6+ Kh8 71. Qh6+ Kg8 72. Qe6+ Kh8 1-0

[Event "Madrid Vicalvaro op"]
[Site "Madrid"]
[Date "2022.06.12"]
[Round "6"]
[White "Mkrtchyan, Levon"]
[Black "Acero Martinez, Manuel"]
[Result "1-0"]
[WhiteElo "2293"]
[BlackElo "1829"]
[PlyCount "37"]
[EventDate "2022.05.08"]
[EventType "swiss"]
[EventRounds "7"]
[EventCountry "ESP"]
[SourceTitle "EXT 2024"]
[Source "ChessBase"]
[SourceDate "2023.10.10"]
[SourceVersion "1"]
[SourceVersionDate "2023.10.10"]
[SourceQuality "1"]

1. e4 c5 2. Nf3 d6 3. d4 cxd4 4. Nxd4 Nf6 5. Nc3 g6 6. Be3 Bg7 7. f3 0-0 8. Qd2 Nc6 9. 0-0-0 a6 10. h4 Qc7 11. g4 Nxd4 12. Bxd4 h5 13. Bxf6 exf6 14. gxh5 gxh5 15. Bd3 Be6 16. Rhg1 Kh8 17. Rxg7 Kxg7 18. Rg1+ Kh7 19. e5+ 1-0

[Event "Madrid Vicalvaro op"]
[Site "Madrid"]
[Date "2022.05.29"]
[Round "4"]
[White "Acero Martinez, Manuel"]
[Black "Mejias Gonzalez, Pedro"]
[Result "1-0"]
[WhiteElo "1829"]
[BlackElo "1554"]
[PlyCount "118"]
[EventDate "2022.05.08"]
[EventType "swiss"]
[EventRounds "7"]
[EventCountry "ESP"]
[SourceTitle "EXT 2024"]
[Source "ChessBase"]
[SourceDate "2023.10.10"]
[SourceVersion "1"]
[SourceVersionDate "2023.10.10"]
[SourceQuality "1"]

1. d4 d5 2. c4 c6 3. Nc3 Nf6 4. Nf3 Bf5 5. e3 e6 6. a3 Nbd7 7. b4 Be7 8. Bb2 0-0 9. Nh4 Bg6 10. Nxg6 hxg6 11. Be2 Qc7 12. Rc1 a6 13. Qb3 Rfc8 14. Bf3 Qd8 15. 0-0 Nb6 16. cxd5 exd5 17. Be2 Ne4 18. Nxe4 dxe4 19. Rfd1 Qd5 20. Bc4 Nxc4 21. Qxc4 Qh5 22. Rd2 Bd6 23. g3 Qd5 24. Rdc2 Qe6 25. Qc3 Bf8 26. Qc4 Re8 27. Rd2 Rad8 28. Qxe6 Rxe6 29. Rcd1 Rd5 30. Bc3 f5 31. h4 Be7 32. Rb2 g5 33. hxg5 Bxg5 34. Rdb1 b5 35. Rc2 Rg6 36. Kf1 Rdd6 37. Bb2 Rh6 38. Ke2 Be7 39. Rbc1 g5 40. Rc5 Rdg6 41. Rxf5 Re6 42. d5 Rd6 43. dxc6 Rxc6 44. Rxc6 Rxc6 45. Kd2 Rd6+ 46. Bd4 Re6 47. Bc5 Bf6 48. Bd4 Kf7 49. Ke2 Kg6 50. Rxf6+ Rxf6 51. Bxf6 Kxf6 52. f4 Kf5 53. Kd2 Kg4 54. fxg5 Kxg5 55. Kc3 Kf5 56. Kd4 Kg4 57. Kxe4 Kxg3 58. Kd5 Kf3 59. e4 Kf4 1-0

[Event "Madrid Vicalvaro op"]
[Site "Madrid"]
[Date "2022.05.22"]
[Round "3"]
[White "Quiros Benito, Sergio"]
[Black "Acero Martinez, Manuel"]
[Result "0-1"]
[WhiteElo "1595"]
[BlackElo "1829"]
[PlyCount "109"]
[EventDate "2022.05.08"]
[EventType "swiss"]
[EventRounds "7"]
[EventCountry "ESP"]
[SourceTitle "EXT 2024"]
[Source "ChessBase"]
[SourceDate "2023.10.10"]
[SourceVersion "1"]
[SourceVersionDate "2023.10.10"]
[SourceQuality "1"]

1. c4 Nf6 2. Nf3 c5 3. g3 Nc6 4. Bg2 g6 5. Nc3 Bg7 6. a3 0-0 7. Rb1 d5 8. b3 d4 9. Na4 Qd6 10. d3 Re8 11. 0-0 h6 12. b4 Nd7 13. Bd2 Rb8 14. Qc2 b6 15. Rfe1 e5 16. bxc5 bxc5 17. Rxb8 Qxb8 18. Rb1 Qd6 19. Bc1 f5 20. Nd2 Nf6 21. Nb3 Nd7 22. Bd5+ Kh7 23. e4 dxe3 24. Bxe3 Nd4 25. Bxd4 exd4 26. Qd2 Nb6 27. Nxb6 axb6 28. Re1 Rxe1+ 29. Qxe1 Bd7 30. Nd2 Bc6 31. Bxc6 Qxc6 32. Qb1 Qa4 33. Qb3 Qa5 34. Nf3 Qc3 35. Qxc3 dxc3 36. Ne1 Kg8 37. Kf1 Kf7 38. Ke2 g5 39. Ng2 Ke6 40. f4 Bd4 41. fxg5 hxg5 42. Kd1 Bg1 43. h4 Bf2 44. hxg5 Bxg3 45. Ne3 Be5 46. Nd5 f4 47. Kc2 Kf5 48. g6 Kxg6 49. Nxf4+ Bxf4 50. Kxc3 Be5+ 51. Kb3 Kf5 52. Ka4 Bc3 53. Kb5 Ba5 54. d4 cxd4 55. c5 0-1